000 00438cam a2200169 4500
001 D12045
008 090401t1887 xxu||||| |||| 00| 0 eng d
035 _a(Sirsi) u921
041 _aeng
110 _aAustralia. Survey Department
_93262
245 _aField service. Handbook for government surveyors
260 _aAdelaide
_bSurveyor Generals Office
_c1887
350 _a0
520 _aShelf 176
942 _n0
948 _c04/03/1997
999 _c85601
_d85601